La gestión de calidad en educación /
Guardado en:
| Autor Principal: | |
|---|---|
| Formato: | Libro |
| Publicado: |
Madrid :
La Muralla,
1998
|
| Edición: | 3a. ed. |
| Series: | Colección Aula Abierta
|
| Materias: | |
| Etiquetas: |
Agregar Etiqueta
Sin Etiquetas, Sea el primero en etiquetar este registro!
|
| LEADER | 01198nam a22002655a 4500 | ||
|---|---|---|---|
| 001 | CEM.cems009901 | ||
| 008 | 130507s1998##################000#0#####d | ||
| 005 | 20211012155757.0 | ||
| 003 | CEMS | ||
| 245 | 1 | 0 | |a La gestión de calidad en educación / |c Francisco López Rupérez |
| 250 | |a 3a. ed. | ||
| 260 | |a Madrid : |b La Muralla, |c 1998 | ||
| 300 | |a 167 p. | ||
| 490 | 0 | |a Colección Aula Abierta | |
| 500 | |a Red Federal de Formación Docente Continua | ||
| 505 | 0 | |a La educación como sector estratégico -- La gestión de calidad en el ámbito empresarial. Un marco de referencia -- La problemática de la calidad en el sector público -- Lo que nos enseña la investigación sobre las escuelas eficaces -- La gestión de calidad en los centros públicos -- Hacia un cambio cultural, estructural y organizativo | |
| 020 | |a 8471336316 | ||
| 100 | 1 | |a López Rupérez, Francisco | |
| 082 | 0 | 4 | |a 370 |
| 653 | |a Educación | ||
| 653 | |a Calidad educativa | ||
| 653 | |a Gestión educativa | ||
| 859 | |a CEMS |b BIB. CEMS - 11 de abril |h 370 |i L881a3 |p 20167.98 |t Ej.1 | ||
| 859 | |a CEMS |b BIB. CEMS - Agricultura |h 370 |i L881a3 |p A19711.98 |t Ej.1 | ||
| 859 | |a CEMS |b BIB. CEMS - 11 de abril |h 370 |i L881a3 |p 20168.98 |t Ej.2 | ||
